[Event "8th ch-Euro w"]
[Site "Dresden GER"]
[Date "2007.04.13"]
[Round "10"]
[White "Collas,S"]
[Black "Nill,J"]
[Result "1-0"]
[WhiteElo "2401"]
[BlackElo "2283"]

1.c4 c6 2.e4 e5 3.Nf3 d6 4.h3 c5 5.Nc3 Nf6 6.a3 Nc6 7.Rb1 a5 8.Bd3 Be7 9.Bc2 O-O
10.d3 Bd7 11.Ba4 Rb8 12.Bg5 Ne8 13.Bxe7 Nxe7 14.b4 axb4 15.axb4 Bxa4 16.Qxa4 b6
17.bxc5 bxc5 18.Rxb8 Qxb8 19.O-O Nf6 20.Rb1 Qa8 21.Qxa8 Rxa8 22.Rb6 Nc8 23.Rb7 h6
24.Nb5 Kf8 25.Ne1 Ne8 26.Nc2 g6 27.Ne3 Ne7 28.Rd7 Nc6 29.Ng4 h5 30.Nh6 Kg7
31.Nxf7 Kf6 32.h4 Ke6 33.Rb7 Nd8 34.Ng5+ Kf6 35.Rd7  1-0

[Event "Elitzur Winter"]
[Site "Givataim ISR"]
[Date "2007.04.13"]
[Round "7"]
[White "Lerner,K"]
[Black "Iclicki,W"]
[Result "1-0"]
[WhiteElo "2524"]
[BlackElo "2177"]

1.c4 c6 2.e4 d5 3.exd5 cxd5 4.cxd5 Qxd5 5.Nc3 Qd6 6.d4 e6 7.Nf3 Nf6 8.Bd3 Nc6
9.O-O Be7 10.Be3 a6 11.a3 b5 12.Ne4 Nxe4 13.Bxe4 f5 14.Bxc6+ Qxc6 15.Ne5 Qe4
16.Qh5+ g6 17.Nxg6 Bb7 18.Nxe7+ Kxe7 19.Qg5+ Kf7 20.f3 Qd5 21.Qh5+ Ke7 22.Bg5+ Kd7
23.Bf6 Rhc8 24.Qf7+ Kc6 25.Rfe1 Kb6 26.Qxe6+ Qxe6 27.Rxe6+ Ka7 28.Be7 Rc2
29.Bc5+ Kb8 30.Rae1  1-0

[Event "Reykjavik International"]
[Site "Reykjavik ISL"]
[Date "2007.04.13"]
[Round "3"]
[White "Gretarsson,Hj"]
[Black "Petursson,G"]
[Result "1/2-1/2"]
[WhiteElo "2156"]
[BlackElo "2065"]

1.c4 c6 2.e4 d5 3.exd5 cxd5 4.cxd5 Qxd5 5.Nc3 Qd8 6.d4 Nf6 7.Nf3 e6 8.Bd3 Be7
9.O-O O-O 10.Qe2 Nc6 11.Rd1 Nb4 12.Bc4 Nbd5 13.Bg5 b6 14.Rac1 Bb7 15.Ba6 Bxa6
16.Qxa6 Nb4 17.Qa4 Qe8 18.Qxe8 Rfxe8 19.Bxf6 Bxf6 20.a3 Na6 21.Nb5 Kf8 22.b4 Red8
23.g4 h6 24.h4 g5 25.hxg5 hxg5 26.Kg2 Rd7 27.Ne5 Bxe5 28.dxe5 Rxd1 29.Rxd1 Ke7
30.Rc1 Kd7 31.Rc4 Ke7 32.Nd6 f6 33.Ne4 fxe5 34.b5 Nc5 35.Nxc5 Rc8 36.Ra4 Rxc5
37.Rxa7+ Kf6 38.a4 Rc4 39.Kg3 Rc3+ 40.Kg2 Rc4 41.f3 Rc2+ 42.Kg3 Ra2 43.Ra6 Ra3
44.Rxb6 Rxa4 45.Rb8 Rb4 46.b6 Kg7 47.Kf2 e4 48.b7 exf3 49.Kxf3 e5 50.Ke3 e4
51.Kd2 Rb2+ 52.Kc3 Rb1 53.Kc4 e3 54.Kd3 Rb3+ 55.Ke2 Kh7  1/2-1/2

[Event "Open"]
[Site "Sydney AUS"]
[Date "2007.04.14"]
[Round "9"]
[White "Johansen,D"]
[Black "Rogers,I"]
[Result "1-0"]
[WhiteElo "2456"]
[BlackElo "2526"]

1.c4 c6 2.Nc3 d5 3.cxd5 cxd5 4.d4 Nc6 5.e4 Nf6 6.e5 Nd7 7.Bb5 Nb6 8.Nge2 Bf5
9.Ng3 Bg6 10.h4 h6 11.h5 Bh7 12.e6 fxe6 13.Bf4 g5 14.hxg6 Bxg6 15.Be5 Rg8
16.Nge2 Nc4 17.Nf4 Bf7 18.Bxc4 dxc4 19.Qe2 Nxe5 20.dxe5 Qd4 21.g3 Rg5 22.Kf1 Rxe5
23.Qc2 Bg7 24.Rd1 Qc5 25.Qh7 Kf8 26.Rxh6 Rf5 27.Rg6 Bxg6 28.Nxe6+ Kf7 29.Qxg7+ Kxe6
30.Qxg6+ Rf6 31.Qe4+ Kf7 32.Qh7+ Kf8 33.Qh8+ Kf7 34.Qh7+ Kf8 35.Ne4 Qf5 36.Nxf6 Qxf6
37.Rd5 e6 38.Qxb7 exd5 39.Qxa8+ Kg7 40.Qxd5 Qa6 41.Qd4+ Kf7 42.Qf4+ Kg7 43.Qe5+ Kf7
44.a3 c3+ 45.Kg1  1-0

[Event "Elitzur Winter"]
[Site "Givataim ISR"]
[Date "2007.04.15"]
[Round "9"]
[White "Nedobora,M"]
[Black "Porat,I"]
[Result "1/2-1/2"]
[WhiteElo "2442"]
[BlackElo "2348"]

1.c4 c6 2.e4 d5 3.exd5 cxd5 4.d4 Nf6 5.Nf3 Nc6 6.Nc3 e6 7.Bg5 Be7 8.Bd3 dxc4
9.Bxc4 O-O 10.O-O b6 11.a3 Bb7 12.Re1 Rc8 13.Ba2 Na5 14.Qe2 a6 15.Rac1 b5
16.Red1  1/2-1/2

[Event "Abierto"]
[Site "Berazategui ARG"]
[Date "2007.04.19"]
[Round "2"]
[White "Kovalyov,A"]
[Black "Recoulat,E"]
[Result "1/2-1/2"]
[WhiteElo "2483"]
[BlackElo "2261"]

1.c4 c6 2.Nf3 Nf6 3.Nc3 d5 4.e3 Bg4 5.cxd5 Bxf3 6.gxf3 cxd5 7.Qb3 Qd7 8.d4 Nc6
9.Bd2 e6 10.Rc1 Be7 11.Na4 O-O 12.Bb5 Rfc8 13.Ke2 Bd6 14.Rc2 e5 15.dxe5 Bxe5
16.Nc5 Qe7 17.Nxb7 Nd4+ 18.exd4 Bd6+ 19.Be3 Qxb7 20.Bd3 Qe7 21.Kd1 Rab8 22.Rxc8+ Rxc8
23.Bf5 Rb8 24.Qc3 g6 25.Bc2 Qb7 26.Kc1 Rc8 27.Qd3 Nh5 28.Kb1 Rb8 29.Bb3 a5
30.Qc2 Rc8 31.Bxd5 Qd7 32.Bc4 Qc7 33.Rc1 Rb8 34.h4 Ng7 35.Bb3 Qb7 36.Qc6 Nf5
37.Bd2 Qe7 38.Bc3  1/2-1/2

[Event "Chess Classic Open"]
[Site "Gausdal NOR"]
[Date "2007.04.25"]
[Round "8"]
[White "Lie,Es"]
[Black "Bromberger,S"]
[Result "1/2-1/2"]
[WhiteElo "2335"]
[BlackElo "2495"]

1.c4 c6 2.Nf3 d5 3.b3 Nf6 4.g3 Bg4 5.Bg2 e6 6.Ne5 Bh5 7.O-O Nbd7 8.Nxd7 Qxd7
9.Bb2 Be7 10.d4 O-O 11.Nd2 Qc7 12.Re1 Rfd8 13.Qc1 Bg6 14.Nf3 Be4 15.cxd5 Nxd5
16.Ne5 Bxg2 17.Kxg2 c5 18.e4 Nb4 19.a3 Nc6 20.Nxc6 Qxc6 21.dxc5 Qxc5 22.Qxc5  1/2-1/2

[Event "TCh-FRA Top 16"]
[Site "Montpellier FRA"]
[Date "2007.05.01"]
[Round "7"]
[White "Pelletier,Y"]
[Black "Postny,E"]
[Result "1/2-1/2"]
[WhiteElo "2602"]
[BlackElo "2622"]

1.c4 c6 2.d4 d5 3.Nf3 Nf6 4.Nc3 a6 5.Ne5 e6 6.Bf4 dxc4 7.Nxc4 b5 8.Ne5 Bb7
9.e3 c5 10.dxc5 Qxd1+ 11.Rxd1  1/2-1/2

[Event "TCh-RUS"]
[Site "Sochi RUS"]
[Date "2007.05.02"]
[Round "1"]
[White "Tomashevsky,E"]
[Black "Romanov,E"]
[Result "1-0"]
[WhiteElo "2641"]
[BlackElo "2520"]

1.c4 c6 2.Nf3 d5 3.e3 Nf6 4.Nc3 Nbd7 5.cxd5 cxd5 6.d4 e6 7.Bd3 Bd6 8.Bd2 O-O
9.O-O e5 10.Nb5 Bb8 11.dxe5 Nxe5 12.Bc3 Bg4 13.Be2 Bxf3 14.Bxf3 a6 15.Nd4 Ne4
16.Rc1 Qd7 17.g3 Nxc3 18.Rxc3 Ba7 19.Bg2 Rad8 20.Ne2 Qg4 21.Rc7 Nc6 22.Nf4 Qf5
23.Nxd5 Qe5 24.Rxb7 Bc5 25.Rc7 Rd6 26.Qc2  1-0

[Event "TCh-RUS HL"]
[Site "Sochi RUS"]
[Date "2007.05.10"]
[Round "8"]
[White "Zontakh,A"]
[Black "Kharitonov,Alexandr"]
[Result "1/2-1/2"]
[WhiteElo "2549"]
[BlackElo "2507"]

1.c4 c6 2.e4 d5 3.exd5 cxd5 4.d4 Nf6 5.Nc3 e6 6.Nf3 Bb4 7.Bd3 dxc4 8.Bxc4 Qc7
9.Qe2 O-O 10.O-O Nbd7 11.Nb5 Qd8 12.a3 Ba5 13.Bg5 a6 14.Nd6 Qc7 15.Bf4 Ne8
16.Nxf7 Qxf4 17.Qxe6 Nb6 18.Nh6+ Kh8  1/2-1/2

[Event "25th Liechtenstein Open"]
[Site "Triesen LIE"]
[Date "2007.05.13"]
[Round "3"]
[White "Polzin,J"]
[Black "Neuberger,G"]
[Result "1-0"]
[WhiteElo "1973"]
[BlackElo "2147"]

1.c4 c6 2.d4 d5 3.Nc3 Nf6 4.e3 Bf5 5.Nf3 e6 6.Bd3 Bg6 7.O-O Nbd7 8.b3 Ne4
9.Bb2 f5 10.Ne5 Nxe5 11.dxe5 Qa5 12.Qc2 Rd8 13.cxd5 exd5 14.f3 Bc5 15.Nd1 O-O
16.fxe4 fxe4 17.Be2 d4 18.exd4 Rxd4 19.Rxf8+ Kxf8 20.Kf1 e3 21.Qc3 Rf4+ 22.Kg1 Bb4
23.Qc1 Bd2 24.Ba3+ Rb4 25.Bxb4+ Bxb4 26.Qc4 Bf7 27.Qf4 g5 28.Qf5 Bd6 29.Nb2 Bxe5
30.Rf1 Qc7 31.Bh5 Bxh2+ 32.Kh1 Bf4 33.Qxf7+ Qxf7 34.Bxf7 Kxf7 35.Nd3 e2 36.Re1  1-0

[Event "Stuttgarter Stadtmeisterschaft"]
[Site "Gerlingen GER"]
[Date "2007.05.18"]
[Round "4"]
[White "Dobosz,H"]
[Black "Doll,M"]
[Result "1-0"]
[WhiteElo "2404"]
[BlackElo "2183"]

1.c4 c6 2.e4 d5 3.exd5 cxd5 4.d4 Nf6 5.Nc3 e6 6.Nf3 Nc6 7.c5 Be7 8.Bb5 Bd7
9.O-O O-O 10.Re1 Qc7 11.Bg5 Qa5 12.a3 Qd8 13.Qd3 Nb8 14.Bxd7 Nbxd7 15.b4 Qc7
16.Bh4 Rfc8 17.Bg3 Qd8 18.h3 Nf8 19.a4 Ng6 20.a5 Qd7 21.a6 b6 22.Qb5 Bd8
23.Qxd7 Nxd7 24.Nb5 bxc5 25.bxc5 Rc6 26.Reb1 e5 27.Nxe5 Ngxe5 28.Bxe5 Nxe5
29.dxe5 Rxc5 30.Nxa7 Bc7 31.Nb5 Bxe5 32.Ra4 g6 33.f4 Bxf4 34.Rxf4 Rxa6 35.Nd4 Rc4
36.Rb5 Rd6 37.Rb7 f5 38.h4 h5 39.Kf2 Ra6 40.Rb5 Ra2+ 41.Kg3 Ra3+ 42.Kh2 Rd3
43.Rxd5 Kf7 44.Nf3 Rxd5 45.Rxc4  1-0

[Event "XXII Felix Cup"]
[Site "Felix Spa ROM"]
[Date "2007.05.25"]
[Round "1"]
[White "Ursente,M"]
[Black "Murariu,A"]
[Result "1/2-1/2"]
[WhiteElo "2010"]
[BlackElo "2498"]

1.c4 c6 2.g3 d5 3.Nf3 Bg4 4.Bg2 e6 5.O-O Nd7 6.b3 Be7 7.Bb2 Bf6 8.Qc2 Bxb2
9.Qxb2 Ngf6 10.d4 O-O 11.Nbd2 h6 12.Rfe1 Bf5 13.Ne5 a5 14.e4 dxe4 15.Nxe4 Nxe4
16.Bxe4 Bxe4 17.Rxe4 Nf6 18.Re3 Qc7 19.a3 Rfd8 20.g4 c5 21.dxc5 Qxc5 22.Rae1 Rd4
23.Qe2 Nd7 24.g5 hxg5 25.Qh5 Nxe5 26.Rxe5 Qxa3 27.Rxg5 Qb2 28.Re3 Qb1+ 29.Kg2 Rd1
30.Rxg7+ Kxg7 31.Rg3+ Kf8 32.Qc5+ Ke8 33.Rg8+ Kd7 34.Qb5+ Kd6 35.Qb6+ Ke7
36.Qc5+ Rd6 37.Rxa8 Qg6+ 38.Kf1 Qd3+ 39.Kg2 Kf6 40.Qh5 b6 41.Rg8 Qe4+ 42.Kf1 Qd3+
43.Kg2 Qe4+ 44.Kf1  1/2-1/2

[Event "Capo d'Orso"]
[Site "Porto Mannu PAL"]
[Date "2007.05.25"]
[Round "8"]
[White "Marin,M"]
[Black "Ortega,Le"]
[Result "1-0"]
[WhiteElo "2533"]
[BlackElo "2425"]

1.c4 c6 2.e4 d5 3.exd5 cxd5 4.d4 Nf6 5.Nc3 Nc6 6.Bg5 Be6 7.a3 g6 8.Bxf6 exf6
9.c5 Bg7 10.Bb5 O-O 11.Nge2 Ne7 12.O-O h5 13.Ba4 Bh6 14.b4 h4 15.h3 Kg7 16.Nb5 Rh8
17.Re1 Nf5 18.Bc2 Qd7 19.Qd3 Ne3 20.fxe3 Bf5 21.Qd2 Bxc2 22.Nd6 Bf5 23.Nc3 Be6
24.Qf2 Bg5 25.e4 dxe4 26.Ncxe4 Rh5 27.Rf1 f5 28.Nxg5 Rxg5 29.d5  1-0

[Event "1st WCh-Team Women"]
[Site "Ekaterinburg RUS"]
[Date "2007.05.28"]
[Round "8"]
[White "Khurtsidze,N"]
[Black "Gaponenko,I"]
[Result "0-1"]
[WhiteElo "2469"]
[BlackElo "2451"]

1.c4 c6 2.e4 d5 3.exd5 cxd5 4.d4 Nf6 5.Nc3 e6 6.Nf3 Bb4 7.cxd5 Nxd5 8.Bd2 Nc6
9.Bd3 O-O 10.O-O Be7 11.Re1 Nf6 12.Bg5 Nb4 13.Bb1 b6 14.a3 Nbd5 15.Qd3 g6
16.Ne5 Bb7 17.Bh6 Re8 18.Qh3 Bf8 19.Bg5 Be7 20.Bh6 Bf8 21.Bd2 Nh5 22.Be4 f5
23.Bf3 Ndf4 24.Bxf4 Nxf4 25.Qg3 Bxf3 26.Qxf4 Bb7 27.Rad1 Rc8 28.Qg3 Bg7 29.Qd3 a6
30.Qb1 Qg5 31.d5 exd5 32.Nf3 Rxe1+ 33.Rxe1 Qd8 34.Qa2 Kh8 35.h4 h6 36.h5 d4
37.Nxd4 Qxd4 38.Qf7 Bc6 39.Re7 Qf6 40.hxg6 Qxf7 41.gxf7 Bf8 42.Ra7 a5 43.Ne2 Kg7
44.Nd4 Kf6 45.Ra6 Kxf7 46.Rxb6 Be4 47.Ra6 Rc1+ 48.Kh2 Rd1 49.Ra7+ Kg6 50.Ra6+ Kh5
51.Rf6 Bg7  0-1

[Event "1st WCh-Team Women"]
[Site "Ekaterinburg RUS"]
[Date "2007.05.28"]
[Round "8"]
[White "Nguyen Thi Thanh An"]
[Black "Nill,J"]
[Result "1-0"]
[WhiteElo "2284"]
[BlackElo "2283"]

1.c4 c6 2.Nc3 d5 3.e3 Nf6 4.Nf3 a6 5.Qb3 e6 6.a4 Bd6 7.d4 O-O 8.Bd3 Nbd7
9.O-O dxc4 10.Bxc4 Qe7 11.e4 e5 12.d5 Nc5 13.Qc2 cxd5 14.Nxd5 Nxd5 15.Bxd5 Bg4
16.Bg5 Qe8 17.Nd2 Ne6 18.Be3 Rc8 19.Qd3 b5 20.h3 Bh5 21.axb5 axb5 22.Rfc1 Rxc1+
23.Rxc1 Nd4 24.Bxd4 exd4 25.Qxd4 Qe7 26.Nf1 Bg6 27.Rc6 Be5 28.Qd2 Qa7 29.g3 Qa4
30.b3 Qa7 31.Kg2 Bf6 32.f4 h6 33.f5 Bh7 34.Qc2 Be5 35.Rc8 Bd6 36.Qc6 Rxc8
37.Qxc8+ Bf8 38.Ne3 Qe7 39.Qb7 Qxb7 40.Bxb7 Bc5 41.Kf3 f6 42.Bc6 b4 43.Nd5 Kf8
44.Nf4 Ke7 45.Bd5 Bd6 46.Nd3 g6 47.g4 h5 48.Ke3 hxg4 49.hxg4 gxf5 50.gxf5 Kd7
51.Kd4 Kc7 52.Kc4 Kb6 53.Nxb4 Ka5 54.Nd3 Kb6 55.b4 Bc7 56.Nc5 Bd8 57.Nd7+ Kc7
58.Nf8  1-0

[Event "Enci Limburg Open"]
[Site "Maastricht NED"]
[Date "2007.05.28"]
[Round "7"]
[White "Costello,C"]
[Black "Sprangers,R"]
[Result "0-1"]
[WhiteElo "2004"]
[BlackElo "2207"]

1.c4 c6 2.Nf3 d5 3.b3 Nf6 4.Bb2 Bf5 5.g3 e6 6.Bg2 h6 7.O-O Nbd7 8.d4 Bd6
9.Nbd2 Qe7 10.Re1 O-O 11.Ne5 Rfd8 12.Nxd7 Nxd7 13.e4 dxe4 14.Bxe4 Bxe4 15.Nxe4 Ba3
16.Bxa3 Qxa3 17.Qf3 Nf8 18.Red1 Qe7 19.Rd3 a5 20.Nc3 Rd7 21.Rad1 Rad8 22.Qe3 Nh7
23.d5 cxd5 24.cxd5 e5 25.Qb6 e4 26.Re3 f5 27.Qxa5 Nf6 28.d6 Qe6 29.Nd5 Ng4
30.Nf4 Qf6 31.Nd5 Qf7 32.Ne7+ Kh8 33.Ree1 Qh5 34.Qxf5 Qxh2+ 35.Kf1 e3 36.fxe3 Qh1+
37.Ke2 Qg2+ 38.Kd3 Rxe7 39.Kc3 Rxe3+ 40.Rxe3 Nxe3  0-1

[Event "zt 2.3"]
[Site "Santo Domingo DOM"]
[Date "2007.05.29"]
[Round "1"]
[White "Farley,T"]
[Black "Gonzalez,Be CRC"]
[Result "1/2-1/2"]
[WhiteElo "2284"]
[BlackElo "2434"]

1.c4 c6 2.e4 d5 3.exd5 cxd5 4.cxd5 Nf6 5.Bb5+ Nbd7 6.Nc3 a6 7.Qa4 Rb8 8.Be2 b5
9.Qd4 b4 10.Ne4 Nxe4 11.Qxe4 Nf6 12.Qe5 Bb7 13.Nf3 Nxd5 14.b3 f6 15.Qg3 Qc7
16.Qxc7 Nxc7 17.d4 e6 18.Bf4 Rc8 19.Rc1 Nd5 20.Rxc8+ Bxc8 21.Bg3 Kd7 22.Nd2 Bd6
23.Ne4 Bxg3 24.hxg3 Ke7 25.Kd2 Bd7 26.Nc5 a5 27.a3 bxa3 28.Ra1 Bc6 29.Rxa3 Ra8
30.Bd3 f5 31.Bc4 Kd6 32.Nd3 Nb6 33.f3 a4 34.Kc3 Rc8 35.Ne5 axb3 36.Rxb3 Nxc4
37.Nxc4+ Ke7 38.Nb6 Rd8 39.Ra3 Rb8 40.Nc4 Ra8 41.Rxa8 Bxa8 42.Kd3 Bb7 43.Ne5 Ba6+
44.Ke3 Kd6 45.g4 Kd5 46.g3 Bb5 47.gxf5 exf5 48.Kf4 Kxd4 49.Kxf5 Ke3 50.f4 Kf2
51.g4 Kg3 52.Kg5 Ba4 53.f5 Bd1 54.Kh5 Ba4 55.Kg5 Bc2 56.Kh5 Bd1 57.Kg5 Be2
58.Kh5 Kf4 59.Ng6+ hxg6+  1/2-1/2

[Event "TCh-FRA Top 16"]
[Site "Clichy FRA"]
[Date "2007.05.31"]
[Round "8"]
[White "Hauchard,A"]
[Black "Postny,E"]
[Result "0-1"]
[WhiteElo "2474"]
[BlackElo "2622"]

1.c4 c6 2.Nf3 d5 3.e3 Nf6 4.Nc3 a6 5.b3 Bf5 6.Be2 e6 7.Nh4 Bg6 8.Bb2 Nbd7
9.O-O Bd6 10.d3 O-O 11.g3 Re8 12.Nxg6 hxg6 13.Bf3 Qe7 14.Bg2 Rad8 15.d4 g5
16.Qc2 Ba3 17.Rad1 Bxb2 18.Qxb2 g4 19.Rfe1 Nb6 20.Na4 Nxa4 21.bxa4 dxc4 22.Rc1 e5
23.dxe5 Nd7 24.Qxb7 Nxe5 25.Qxe7 Rxe7 26.Re2 Red7 27.h3 Rd1+ 28.Rxd1 Rxd1+
29.Kh2 Rc1 30.hxg4 Nxg4+ 31.Kh3 Ne5 32.f4 Nd3 33.Bxc6 c3 34.Be4 Re1 35.Rc2 Rxe3
36.Bxd3 Rxd3 37.Re2 Rd6 38.Rc2 Rc6 39.Kg4 Kh7 40.Kf5 Rc4 41.Rh2+ Kg8 42.Rc2 f6
43.Ke6 Re4+ 44.Kd5 Re3 45.Kc6 Kf7 46.Kb6 Ke6 47.Kxa6 Kd5 48.a5 Kc4 49.Kb6 Kd3
50.Rc1 Kd2 51.Rh1 c2 52.a4 Re4 53.Kb5 Re1 54.Rh2+ Re2 55.Rh1 Re1 56.Rh2+ Kd3
57.Rxc2 Kxc2 58.a6 Kb3 59.a7 Re8 60.a5 g5 61.fxg5 fxg5 62.g4 Rh8 63.a6 Rg8
64.Kb6 Kb4 65.Kb7 Kb5 66.a8=Q Rxa8 67.Kxa8 Kxa6 68.Kb8 Kb6 69.Kc8 Kc6 70.Kd8 Kd6  0-1

[Event "XXII Felix Cup"]
[Site "Felix Spa ROM"]
[Date "2007.05.31"]
[Round "9"]
[White "Grecescu,G"]
[Black "Nanu,C"]
[Result "1/2-1/2"]
[WhiteElo "2348"]
[BlackElo "2509"]

1.c4 c6 2.Nf3 d5 3.e3 Nf6 4.b3 Bg4 5.Bb2 e6 6.Be2 Nbd7 7.O-O Bd6 8.Nc3 O-O
9.h3 Bh5 10.Nd4 Bxe2 11.Qxe2 Re8 12.d3 e5 13.Nf5 Bf8 14.cxd5 cxd5 15.Rac1 a6
16.Qf3 g6 17.Ng3 Nc5 18.Rfd1 Ne6 19.Rc2 h5 20.Na4 Ng5 21.Qe2 h4 22.Nf1 Nd7
23.Nh2 Bg7 24.Nc5 Nxc5 25.Rxc5 Ne6 26.Rc2 d4 27.exd4 exd4 28.Qe4 Qa5 29.Bc1 Rac8
30.Rxc8 Rxc8 31.Qxb7 Rc2 32.Ng4 f5 33.Qe7 fxg4 34.Qxe6+ Kh7 35.Qxg4 Bf6 36.Qd7+ Bg7
37.Qg4 Bf6 38.Bf4 Rxa2 39.Rc1 Ra1 40.Rxa1 Qxa1+ 41.Kh2 Qe1 42.Qf3 Bg7 43.g3 hxg3+
44.Bxg3 Qe6 45.Qb7 a5 46.Qb5 Qf7 47.Kg2 Bh6 48.Qc4 Qb7+ 49.f3 Bg7 50.Bc7 Qc8
51.Qf7 Qb7 52.h4 Qb5 53.Qc4 Qe8 54.Bg3 Qe2+ 55.Bf2 Kh6 56.Qa6 Qd2 57.Kg1 Qd1+
58.Kg2 Qd2 59.Kg1 Be5 60.Qc4 Bf6 61.Qe6 Qf4 62.Qe4 Qb8 63.Bxd4 Qg3+ 64.Kf1 Bxd4
65.Qxd4 Qxf3+ 66.Ke1 Kh5 67.Kd2 Qg2+ 68.Kc3 Qc6+ 69.Kb2 Qe6 70.Qc5+ Qf5 71.Qd4 Qh3
72.Qh8+ Kg4 73.Qf6 Qxd3 74.Qg5+ Kh3 75.Qe5 Kxh4 76.Qe1+ Kh3 77.Qh1+ Kg3 78.Qe1+ Kf3  1/2-1/2

[Event "TCh-FRA Top 16"]
[Site "Clichy FRA"]
[Date "2007.06.02"]
[Round "10"]
[White "Manouck,T"]
[Black "Payen,Ar"]
[Result "1-0"]
[WhiteElo "2344"]
[BlackElo "2378"]

1.c4 c6 2.Nf3 d5 3.b3 dxc4 4.bxc4 e5 5.Nc3 Bd6 6.e3 Nf6 7.d4 e4 8.Nd2 Qe7
9.Be2 h5 10.h3 h4 11.Qb3 Rh6 12.a4 Rg6 13.Kf1 Bf5 14.c5 Bc7 15.Qxb7 Kd8 16.Qxa8 Nd7
17.f4 exf3 18.Nxf3 Nxc5 19.dxc5 Qxc5 20.Ra3 Be6 21.Nxh4 Rf6+ 22.Nf3 Bg3 23.a5 Kc7
24.a6 Bc8 25.Rb3 Nxa6 26.Ba3 Qe5 27.Qxa7+ Kd8 28.Qd4+  1-0

[Event "Doroshkevich Mem"]
[Site "Belorechensk RUS"]
[Date "2007.06.03"]
[Round "6"]
[White "Dzhakaev,D"]
[Black "Zakarzhaev,M"]
[Result "1-0"]
[WhiteElo "2498"]
[BlackElo "2155"]

1.c4 c6 2.e4 d5 3.cxd5 cxd5 4.exd5 Qxd5 5.Nc3 Qd8 6.Nf3 Nf6 7.d4 e6 8.Bd3 Be7
9.O-O O-O 10.Bg5 Nc6 11.Re1 Nb4 12.Bb1 Bd7 13.Ne5 Rc8 14.Re3 g6 15.Rh3 Bc6
16.a3 Nbd5 17.Ba2 Nh5 18.Bh6 Ndf4 19.Rxh5 Nxh5 20.Bxf8 Bxf8 21.d5 exd5 22.Nxd5 Qg5
23.Nxc6 Rxc6 24.g3 Nf6 25.Nf4 Qe5 26.Qb3 Rc7 27.Rd1 h6 28.h4  1-0

[Event "Doroshkevich Mem"]
[Site "Belorechensk RUS"]
[Date "2007.06.05"]
[Round "8"]
[White "Karabakhsjan,A"]
[Black "Aslakhanov,T"]
[Result "1/2-1/2"]
[WhiteElo "2287"]
[BlackElo "2066"]

1.c4 c6 2.g3 d5 3.Bg2 e6 4.Nf3 Nf6 5.O-O Bd6 6.Nc3 O-O 7.b3 Nbd7 8.Bb2 Re8
9.d4 b6 10.e4 dxe4 11.Ng5 Bb7 12.Ngxe4 Be7 13.Qc2 Nxe4 14.Nxe4 Nf6 15.Rad1 h6
16.Nc3 Qc7 17.Rd2 Rad8 18.Rc1 Qb8 19.Rcd1 Qa8 20.Qd3 Rd7 21.Qe2 Red8 22.h3 Bf8
23.Kh2 Re8 24.Qf1 Red8 25.Qe2 Re8 26.Qf1 Red8 27.Qh1 Bc5 28.Ne4 Be7 29.Qe1 Nxe4
30.Qxe4 Bf8 31.Qg4 Qb8 32.f4 Qd6 33.Rd3 g6 34.d5 cxd5 35.cxd5 Bxd5 36.f5 Bg7
37.f6 Bf8 38.Be4 Qc5 39.Bd4 Qc2+ 40.R1d2 Bxe4 41.Qxe4 Qc7 42.Rc3 Qb8 43.Rcd3 Rd5  1/2-1/2

[Event "TCh-BIH"]
[Site "Vogosca BIH"]
[Date "2007.06.05"]
[Round "4"]
[White "Solak,D"]
[Black "Berkes,F"]
[Result "1/2-1/2"]
[WhiteElo "2575"]
[BlackElo "2600"]

1.c4 c6 2.d4 d5 3.Nf3 Nf6 4.cxd5 cxd5 5.Bg5 e6 6.Nc3 Be7 7.e3 O-O 8.Bd3 Nc6
9.O-O h6 10.Bh4 b6 11.a3 Bb7 12.Rc1 Rc8 13.Qe2 Ne4 14.Bxe7 Nxe7 15.Na2 Qd6
16.Rxc8 Rxc8 17.Rc1 Rxc1+ 18.Nxc1 Qc7 19.Na2  1/2-1/2

[Event "8th UKR Universiad"]
[Site "Evpatoria UKR"]
[Date "2007.06.07"]
[Round "2"]
[White "Kalinin,Mik"]
[Black "Sitnikov,A"]
[Result "0-1"]
[WhiteElo "2217"]
[BlackElo "2458"]

1.c4 c6 2.Nf3 d5 3.b3 Bf5 4.Bb2 e6 5.d3 h6 6.Nbd2 Nf6 7.g3 Be7 8.Bg2 O-O
9.O-O Nbd7 10.Re1 Bh7 11.Qc1 a5 12.a3 Rc8 13.Bc3 Qc7 14.Qb2 c5 15.d4 Ne4
16.Nxe4 dxe4 17.Nd2 cxd4 18.Bxd4 e5 19.Bc3 f5 20.b4 b6 21.e3 h5 22.Rad1 axb4
23.axb4 h4 24.Ra1 hxg3 25.hxg3 Rf6 26.Ra6 Bg6 27.Rea1 Bf7 28.Ra7 Qd8 29.Rb7 Rc7
30.Rxc7 Qxc7 31.Qa2 Bf8 32.Qa7 Qd6 33.Qb7 Qd3 34.Rc1 Rh6 35.Qc7 Bh5 36.Bf1 Be2
37.Bg2 Re6 38.Qb7 Nf6 39.c5 bxc5 40.bxc5 Qd5 41.Qxd5 Nxd5 42.Nb3 Nxc3 43.Rxc3 Rc6
44.Bf1 Bxf1 45.Kxf1 Kf7 46.g4 g6 47.gxf5 gxf5 48.Kg2 Ke6 49.Kg3 Be7 50.Rc1 Rc7
51.c6 Kd5 52.Na5 Bb4 53.Rd1+ Kc5 54.Nb7+ Kxc6 55.Nd8+ Kb6  0-1

[Event "29th Mem Nezhmetdinov"]
[Site "Kazan RUS"]
[Date "2007.06.07"]
[Round "7"]
[White "Pushkin,E"]
[Black "Reshetnikov,A"]
[Result "0-1"]
[WhiteElo "2177"]
[BlackElo "2385"]

1.c4 c6 2.e4 d5 3.exd5 cxd5 4.d4 Nf6 5.Nc3 g6 6.Bg5 Nbd7 7.Nf3 Bg7 8.cxd5 O-O
9.Bc4 Nb6 10.Bb3 Nbxd5 11.h3 b6 12.O-O Bb7 13.Nxd5 Bxd5 14.Re1 Qd7 15.Ne5 Qb7
16.Bxd5 Qxd5 17.Qf3 Rac8 18.Qa3 Rc7 19.Nf3 e6 20.Rac1 Rfc8 21.Rxc7 Rxc7 22.Bf4 Bf8
23.Qd3 Bd6 24.Bxd6 Qxd6 25.a3 Qc6 26.Qe3 Qc2 27.Qg5 Nd5 28.Qd8+ Kg7 29.b4 Qc3
30.Kh2 Qxa3 31.Ng5 Qb2 32.Rxe6 h6 33.Rxg6+ Kxg6 34.Nf3 Nf4 35.Qd6+ Ne6 36.Ne5+ Kg7
37.Nf3 Qc2  0-1

[Event "7th ch-Euro Senior"]
[Site "Hockenheim GER"]
[Date "2007.06.08"]
[Round "7"]
[White "Gabriel,J"]
[Black "Bayer,W"]
[Result "1/2-1/2"]
[WhiteElo "2202"]
[BlackElo "2045"]

1.c4 c6 2.g3 d5 3.Bg2 Nf6 4.Nf3 Bf5 5.cxd5 Nxd5 6.d3 Bg6 7.O-O e6 8.Ne5 Nd7
9.Nxg6 hxg6 10.e4 N5f6 11.d4 Be7 12.Nc3 O-O 13.d5 exd5 14.exd5 Nxd5 15.Nxd5 cxd5
16.Qxd5 Nc5 17.Be3 Qxd5 18.Bxd5 Rad8 19.Rfd1 b6 20.Rac1 Rc8 21.b4 Na4 22.Bc6 b5
23.a3 Bf6 24.Bxb5 Nc3 25.Ba6 Nxd1 26.Bxc8 Nxe3 27.fxe3 Bb2 28.Rc7 Bxa3 29.b5 Bd6
30.Rc6 Rd8 31.Kf2 Kf8 32.Kf3 Ke7 33.h4 Bb8 34.g4 Rd5 35.Ba6 Rd7 36.Rc8 Rd8
37.Rc4 Rd7 38.Re4+ Kf8 39.g5 Bc7 40.Bc8 Re7 41.Rd4 Bb6 42.Rd3 Re5 43.Bd7 f6
44.gxf6 gxf6 45.Bc6 Rh5 46.Kg4 f5+ 47.Kg3 Bc7+ 48.Kh3 g5 49.Rd5 Rxh4+ 50.Kg2 Rg4+
51.Kf2 f4 52.Rf5+ Ke7 53.Bf3 Rg3 54.exf4 gxf4 55.Ke2 Rg6 56.Bd5 Rf6  1/2-1/2

[Event "XV Lasker Mem Open A"]
[Site "Barlinek POL"]
[Date "2007.06.10"]
[Round "10"]
[White "Maliszewski,J"]
[Black "Jagodzinski,P"]
[Result "0-1"]
[WhiteElo "1942"]
[BlackElo "2120"]

1.c4 c6 2.e4 d5 3.exd5 cxd5 4.cxd5 Qxd5 5.Nc3 Qa5 6.Bc4 Nf6 7.Qb3 e6 8.d4 Be7
9.Nf3 O-O 10.O-O a6 11.Bd2 Qd8 12.a4 Nc6 13.Ne2 Na5 14.Bxa5 Qxa5 15.Ne5 Ne4
16.Nf3 Rd8 17.Nc3 Nd6 18.Be2 Nf5 19.Rfd1 Bf6 20.Qc4 Bd7 21.b4 Qb6 22.a5 Qa7
23.Qc5 Bc6 24.Na4 Qxc5 25.Nxc5 Nxd4 26.Nxd4 Rxd4 27.Rxd4 Bxd4 28.Rc1 Bd5
29.Nxb7 Bxb7 30.Rc7 Rb8  0-1

[Event "7th ch-Euro Senior"]
[Site "Hockenheim GER"]
[Date "2007.06.10"]
[Round "9"]
[White "Schuler,G"]
[Black "Diaz Begonte,M"]
[Result "0-1"]
[WhiteElo "1992"]
[BlackElo "1865"]

1.c4 c6 2.d4 d5 3.b3 Bf5 4.g3 e6 5.Bd2 Be7 6.e3 Be4 7.f3 Bg6 8.Bg2 h5 9.Nc3 Ba3
10.Bc1 Bb4 11.Bb2 Nh6 12.a3 Ba5 13.b4 Bc7 14.cxd5 exd5 15.Nh3 Qe7 16.O-O O-O
17.Qd2 h4 18.g4 Re8 19.Rae1 Nd7 20.Bh1 Nb6 21.Bc1 Nc4 22.Qa2 b5 23.e4 dxe4
24.Bg5 Qd6 25.d5 Bb6+ 26.Nf2 e3 27.Bxh4 exf2+ 28.Bxf2 Bxf2+ 29.Qxf2 Bd3 30.Rxe8+ Rxe8
31.Rd1 Bg6 32.dxc6 Qxc6 33.Qxa7 Ne3 34.Rc1 Nc2 35.Ne4 Bxe4 36.fxe4 Nxg4 37.Rf1 Qg6
38.Bg2 Nce3 39.Qd7 Nf6  0-1

[Event "III EUICC"]
[Site "Arvier ITA"]
[Date "2007.06.15"]
[Round "1"]
[White "Norinkeviciute,R"]
[Black "Prie,E"]
[Result "0-1"]
[WhiteElo "2048"]
[BlackElo "2513"]

1.c4 c6 2.g3 d5 3.Bg2 Nf6 4.Nf3 Bg4 5.Ne5 Be6 6.b3 Nbd7 7.cxd5 Bxd5 8.Nf3 c5
9.Bb2 g6 10.O-O Bg7 11.Nc3 Bc6 12.d4 O-O 13.e3 Re8 14.Qe2 cxd4 15.exd4 Nb6
16.Rfd1 Nbd5 17.Ne5 Nxc3 18.Bxc3 Bxg2 19.Kxg2 Rc8 20.Bb2 Qd5+ 21.Kg1 Bh6
22.f4 Rc7 23.Rac1 Rec8 24.Rxc7 Rxc7 25.Rd2 g5 26.Ng4 Bg7 27.Nxf6+ Bxf6 28.Qg4 Qe4
29.Re2 Rc1+ 30.Bxc1 Bxd4+ 31.Be3 Bxe3+ 32.Rxe3 Qxe3+ 33.Kf1 Qd3+ 34.Kg2 Qe4+
35.Kh3 Qb1 36.Qxg5+ Kf8 37.Qa5 Qf1+ 38.Kg4 Qe2+ 39.Kh3 Qe6+ 40.Kg2 a6 41.Qd8+ Kg7
42.Qd4+ f6 43.Qd3 Qc6+ 44.Qf3 Qd7 45.Qe3 b5 46.Qc3 Qd5+ 47.Qf3 Qc5 48.Qd1 b4
49.Qg4+ Kf7 50.Qe2 a5 51.Qd3 Kg7 52.Qe2 Qd5+ 53.Kg1 Kf7 54.Qc2 h5 55.Qe2 Ke8
56.Kf2 Kf8 57.Kg1 Qf5 58.Qd2 h4 59.gxh4 Qg4+ 60.Kf2 Qxh4+ 61.Kf3 Qh3+ 62.Ke4 Qe6+
63.Kf3 Kf7 64.Kg3 Qc6 65.Kf2 Qe4 66.Kg3 Qh1 67.Kg4 Qc6 68.Qe2 Qc3 69.Kh4 Kf8
70.Kg4 Qd4 71.Kg3 Qg1+ 72.Kf3 Kf7 73.Qc4+ Kg7 74.Qe2 Kg8 75.Qd2 Qc5 76.Qd8+ Kg7
77.Kg2 Qe3 78.Qc7 Kg6 79.Qc2+ Kh5 80.Qf5+ Kh4 81.Qxa5 Qe2+ 82.Kg1 Qg4+ 83.Kh1 Qxf4  0-1

[Event "11th Master Open"]
[Site "Voronezh RUS"]
[Date "2007.06.15"]
[Round "4"]
[White "Grigorian,V"]
[Black "Panarin,M"]
[Result "0-1"]
[WhiteElo "2255"]
[BlackElo "2528"]

1.c4 c6 2.d4 Nf6 3.Nc3 d5 4.cxd5 cxd5 5.Nf3 Nc6 6.Bf4 Ne4 7.e3 Qb6 8.Qb3 e6
9.Bd3 Qxb3 10.axb3 Bb4 11.Bxe4 dxe4 12.Nd2 f5 13.Nc4 Bd7 14.Nd6+ Ke7 15.Nxb7 Bc8
16.Bg5+ Kf7 17.Nc5 e5 18.O-O h6 19.Bh4 exd4 20.Nd5 Bxc5 21.Rfc1 Be7 22.Rxc6 Bxh4
23.Nb6 Rb8 24.Rxa7+ Be7 25.exd4 Rb7 26.Rxb7 Bxb7 27.Rc7 Rb8 28.g4 fxg4 29.d5 Ba6
30.Nd7 Rb7 31.Ne5+ Kf6 32.Nxg4+ Kg5 33.Rc6 Bb5  0-1